01655cam a2200253Ia 4500020001500000040000800015082002600023245002200049260007500071300004700146490003600193500007000229500004800299520080700347650003401154650001801188650003801206650001101244650002901255650001401284700002101298700002201319710006001341 a9251049610 cFQG a333 FOO 2004 A078 Or.00aMarine ranching / aRome :bFood and Agriculture Organization of the United Nations,c2004 av, 213 p. :bcol. ill., col. maps ;c30 cm1 aFAO fisheries technical paper ; a"Design and layout was performed by Daniela Scicchigno"--P. [iii] a"TC/M/Y4783E/1/12.04/2100"--P. [4] of cover aWith coastal fisheries in decline around the world, there is mounting concern about how long current sources of seafood can supply world needs. Governments, resource managers and those who make their livelihood on fishing are seeking better ways to improve fishing yields. Many seek greater emphasis on restocking and aquaculture-based stock enhancement as a way rapidly to replenish depleted fish stocks and increase fishery landings. This volume presents case studies that represent various scenarios and situations in using sea ranching and marine hatchery enhancement to generate income, re-establish fisheries and conserve aquatic biodiversity. The studies demonstrate that stocking can clearly work in some cases to increase fishery landings, but that economic success will depend on many factors 0aMarine resources conservation 0aFish stocking 0aAquatic biodiversity conservation 0aFishes 0aEnvironmental monitoring 0aFisheries1 aBartley, Devin M1 aLeber, Kenneth M.2 aFood and Agriculture Organization of the United Nations